<?xml version="1.0" encoding="UTF-8"?><?xml-stylesheet type="text/xsl" href="static/style.xsl"?><OAI-PMH xmlns="http://www.openarchives.org/OAI/2.0/" xmlns:xsi="http://www.w3.org/2001/XMLSchema-instance" xsi:schemaLocation="http://www.openarchives.org/OAI/2.0/ http://www.openarchives.org/OAI/2.0/OAI-PMH.xsd"><responseDate>2026-04-18T07:26:26Z</responseDate><request verb="GetRecord" identifier="oai:www.recercat.cat:20.500.12327/2725" metadataPrefix="marc">https://recercat.cat/oai/request</request><GetRecord><record><header><identifier>oai:recercat.cat:20.500.12327/2725</identifier><datestamp>2025-10-22T11:06:05Z</datestamp><setSpec>com_2072_4428</setSpec><setSpec>com_2072_4427</setSpec><setSpec>col_2072_487898</setSpec></header><metadata><record xmlns="http://www.loc.gov/MARC21/slim" xmlns:dcterms="http://purl.org/dc/terms/" xmlns:xsi="http://www.w3.org/2001/XMLSchema-instance" xmlns:doc="http://www.lyncode.com/xoai" xsi:schemaLocation="http://www.loc.gov/MARC21/slim http://www.loc.gov/standards/marcxml/schema/MARC21slim.xsd">
   <leader>00925njm 22002777a 4500</leader>
   <datafield ind2=" " ind1=" " tag="042">
      <subfield code="a">dc</subfield>
   </datafield>
   <datafield ind2=" " ind1=" " tag="720">
      <subfield code="a">Peñalver-Cruz, Ainara</subfield>
      <subfield code="e">author</subfield>
   </datafield>
   <datafield ind2=" " ind1=" " tag="720">
      <subfield code="a">Satour, Pascale</subfield>
      <subfield code="e">author</subfield>
   </datafield>
   <datafield ind2=" " ind1=" " tag="720">
      <subfield code="a">Jaloux, Bruno</subfield>
      <subfield code="e">author</subfield>
   </datafield>
   <datafield ind2=" " ind1=" " tag="720">
      <subfield code="a">Lavandero, Blas</subfield>
      <subfield code="e">author</subfield>
   </datafield>
   <datafield ind2=" " ind1=" " tag="260">
      <subfield code="c">2023-04-29</subfield>
   </datafield>
   <datafield ind2=" " ind1=" " tag="520">
      <subfield code="a">Many parasitoids need to feed on sugar sources at the adult stage. Although nectar has&#xd;
been proven to be a source of higher nutritional quality compared to honeydew excreted by phloem&#xd;
feeders, the latter can provide the necessary carbohydrates for parasitoids and increase their longevity,&#xd;
fecundity and host searching time. Honeydew is not only a trophic resource for parasitoids, but&#xd;
it can also constitute an olfactory stimulus involved in host searching. In this study, we combined&#xd;
longevity measurements in the laboratory, olfactometry and feeding history inference of individuals&#xd;
caught in the field to test the hypothesis that honeydew excreted by the aphid Eriosoma lanigerum&#xd;
could serve as a trophic resource for its parasitoid Aphelinus mali as well as a kairomone used by the&#xd;
parasitoid to discover its hosts. Results indicate that honeydew increased longevity of A. mali females&#xd;
if water was provided. Water could be necessary to feed on this food source because of its viscosity&#xd;
and its coating by wax. The presence of honeydew allowed longer stinging events by A. mali on E.&#xd;
lanigerum. However, no preference towards honeydew was observed, when given the choice. The&#xd;
role of honeydew excreted by E. lanigerum on A. mali feeding and searching behavior to increase its&#xd;
efficiency as a biological control agent is discussed.</subfield>
   </datafield>
   <datafield ind1="8" ind2=" " tag="024">
      <subfield code="a">Peñalver‐Cruz, Ainara, Pascale Satour, Bruno Jaloux, and Blas Lavandero. 2023. “Honeydew Is a Food Source and a Contact Kairomone for Aphelinus Mali.” Insects 14 (5): 426. doi:10.3390/insects14050426.</subfield>
   </datafield>
   <datafield ind1="8" ind2=" " tag="024">
      <subfield code="a">2075-4450</subfield>
   </datafield>
   <datafield ind1="8" ind2=" " tag="024">
      <subfield code="a">http://hdl.handle.net/20.500.12327/2725</subfield>
   </datafield>
   <datafield ind1="8" ind2=" " tag="024">
      <subfield code="a">https://doi.org/10.3390/insects14050426</subfield>
   </datafield>
   <datafield ind2="0" ind1="0" tag="245">
      <subfield code="a">Honeydew Is a Food Source and a Contact Kairomone for Aphelinus mali</subfield>
   </datafield>
</record></metadata></record></GetRecord></OAI-PMH>